000 00580nam a2200205Ia 4500
005 20250923145114.0
008 008 250917s9999 xx 000 0 eng d
037 _aTextual
040 _aDSWL
_beng
_cDSWL
041 _aeng
_2eng
084 _aY:7:7.1(Y.434), N66
_qDSWL
100 _aWallerstein, I.
_9831848
245 0 _aSocial change
_cby I. Wallerstein
260 _aNew York
_b John Wiley & Sons
_c1966
300 _a216 p.
365 _aINR
_b9.95
925 _g9.95
942 _cTEXL
_hY:7:7.1(Y.434), N66
999 _c1447174
_d1447174